Detalles MARC
| 000 -CABECERA |
| Longitud fija campo de control |
01359nam a2200397Ic 4500 |
| 003 - • IDENTIFICADOR DELl NÚMERO DE CONTROL |
| Identificador del número de control |
CO-BoRNBP |
| 005 - • FECHA Y HORA DE LA ÚLTIMA TRANSACCIÓN |
| Fecha y hora de la última transacción |
20250825124300.0 |
| 007 - • CAMPO FIJO DE DESCRIPCIÓN FÍSICA |
| Campo fijo de descripción física |
ta |
| 008 - • CÓDIGOS DE INFORMACIÓN DE LONGITUD FIJA |
| Códigos de información de longitud fija |
141031s2012 ve a0 sga d0p s spa |
| 020 ## - • NÚMERO INTERNACIONAL NORMALIZADO PARA LIBROS |
| Número Internacional Normalizado para Libros (ISBN) |
9789802571147 |
| 040 ## - FUENTE DE LA CATALOGACIÓN |
| Centro catalogador de origen |
CO-BoRNBP |
| Lengua de catalogación |
spa |
| Normas de descripción |
rda |
| Centro transcriptor |
CO-BoRNBP |
| 041 ## - • CÓDIGO DE LENGUA |
| Código de lengua del texto/banda sonora o título independiente |
spa |
| 084 ## - • Clasificación Local Alfanúmerica PNLB |
| Número de clasificación |
P |
| 245 00 - • TITULO PROPIAMENTE DICHO |
| Título |
Chumba la cachumba / |
| Mención de responsabilidad, etc. |
edición de Elena Iribarren ; ilustrado por Carlos Cotte. |
| 250 ## - • MENCIÓN DE EDICIÓN |
| Mención de edición |
Decimoquinta edición |
| 264 #1 - PRODUCCIÓN, PUBLICACIÓN , DISTRIBUCIÓN, FABRICACIÓN Y COPYRIGHT |
| Lugar de producción, publicación, distribución, fabricación |
Caracas, Venezuela : |
| Nombre del productor, editor, distribuidor, fabricante |
Ekaré, |
| Fecha de de producción, publicación, distribución, fabricación o copyright |
2012 |
| 300 ## - • DESCRIPCIÓN FÍSICA |
| Extensión |
[31] páginas sin enumerar : |
| Otras características físicas |
ilustraciones a color |
| 336 ## - TIPO DE CONTENIDO |
| Término de tipo de contenido |
texto |
| Código de tipo de contenido |
txt |
| Fuente |
rdacontent |
| 337 ## - TIPO DE MEDIO |
| Nombre del tipo de medio |
sin mediación |
| Código del tipo de medio |
n |
| Fuente |
rdamedia |
| 338 ## - TIPO DE SOPORTE |
| Nombre del tipo de soporte |
volumen |
| Código del tipo de soporte |
nc |
| Fuente |
rdacarrier |
| 490 0# - • MENCIÓN DE SERIE |
| Mención de serie |
Clave de sol |
| -- |
Canciones tradicionales para cantar y contar |
| 650 07 - • PUNTO DE ACCESO ADICIONAL DE MATERIA - TÉRMINO DE MATERIA |
| Término de materia o nombre geográfico como elemento inicial |
Juegos Con Musica |
| Subdivisión de forma |
Poesía infantil |
| Fuente del encabezamiento o término |
LEMB |
| 650 07 - • PUNTO DE ACCESO ADICIONAL DE MATERIA - TÉRMINO DE MATERIA |
| Término de materia o nombre geográfico como elemento inicial |
Literatura infantil |
| Fuente del encabezamiento o término |
lemb |
| 650 07 - • PUNTO DE ACCESO ADICIONAL DE MATERIA - TÉRMINO DE MATERIA |
| Término de materia o nombre geográfico como elemento inicial |
Música |
| Subdivisión de forma |
Poesía infantil |
| Fuente del encabezamiento o término |
lemb |
| 650 07 - • PUNTO DE ACCESO ADICIONAL DE MATERIA - TÉRMINO DE MATERIA |
| Término de materia o nombre geográfico como elemento inicial |
Poesía infantil |
| Fuente del encabezamiento o término |
lemb |
| 650 07 - • PUNTO DE ACCESO ADICIONAL DE MATERIA - TÉRMINO DE MATERIA |
| Término de materia o nombre geográfico como elemento inicial |
Rima |
| Subdivisión de forma |
Poesía infantil |
| Fuente del encabezamiento o término |
LEMB |
| 650 07 - • PUNTO DE ACCESO ADICIONAL DE MATERIA - TÉRMINO DE MATERIA |
| Término de materia o nombre geográfico como elemento inicial |
Juegos y rondas |
| Subdivisión de forma |
Poesía infantil |
| Fuente del encabezamiento o término |
LEMB |
| 655 ## - • TÉRMINO DE INDIZACIÓN - GÉNERO/FORMA |
| Datos o término principal de género/forma |
Poesía infantil |
| 9 (RLIN) |
63342 |
| 655 ## - • TÉRMINO DE INDIZACIÓN - GÉNERO/FORMA |
| Datos o término principal de género/forma |
Poesía infantil |
| 9 (RLIN) |
63342 |
| 655 ## - • TÉRMINO DE INDIZACIÓN - GÉNERO/FORMA |
| Datos o término principal de género/forma |
Poesía infantil |
| 9 (RLIN) |
63342 |
| 655 ## - • TÉRMINO DE INDIZACIÓN - GÉNERO/FORMA |
| Datos o término principal de género/forma |
Poesía infantil |
| 9 (RLIN) |
63342 |
| 700 ## - • PUNTO DE ACCESO ADICIONAL - NOMBRE DE PERSONA |
| Nombre de persona |
Cotte, Carlos |
| Término indicativo de función |
ill |
| 700 ## - • PUNTO DE ACCESO ADICIONAL - NOMBRE DE PERSONA |
| Nombre de persona |
Iribarren, Elena |
| Término indicativo de función |
edt |
| 942 ## - ENTRADA DE ELEMENTOS AGREGADOS (KOHA) |
| Fuente de clasificaión o esquema |
|
| Koha [por defecto] tipo de item |
Libro Infantil |